Cuentos de color de rosa / (Record no. 146774)

MARC details
000 -LEADER
campo de control de longitud fija 00645nam a2200205 i 4500
001 - NÚMERO DE CONTROL
campo de control 146774
003 - IDENTIFICADOR DE NÚMERO DE CONTROL
campo de control ES-MaACL
005 - FECHA Y HORA DE LA ÚLTIMA TRANSACCIÓN
campo de control 20250726063035.0
007 - CAMPO FIJO DE DESCRIPCIÓN FÍSICA--INFORMACIÓN GENERAL
campo de control de longitud fija t|
008 - DATOS DE LONGITUD FIJA--INFORMACIÓN GENERAL
campo de control de longitud fija 070917s1914 sp ||||1| spa d
100 1# - ENTRADA PRINCIPAL--NOMBRE DE PERSONA
Nombre de persona Trueba, Antonio de,
Fechas asociadas al nombre 1819-1889
9 (RLIN) 111545
245 10 - MENCIÓN DEL TÍTULO
Título Cuentos de color de rosa /
Mención de responsabilidad, etc. Antonio de Trueba.
250 ## - MENCION DE EDICION
Mención de edición Nueva edición corregida y aumentada.
260 ## - PUBLICACIÓN, DISTRIBUCIÓN, ETC.
Lugar de publicación, distribución, etc. Madrid :
Nombre del editor, distribuidor, etc. Antonio Rubiños,
Fecha de publicación, distribución, etc. 1914.
300 ## - DESCRIPCIÓN FÍSICA
Extensión 477 p. ;
Dimensiones 20 cm.
490 1# - MENCIÓN DE SERIE
Mención de serie Obras de don Antonio de Trueba ;
Designación de volumen o secuencia 4
830 0# - PUNTO DE ACCESO ADICIONAL DE SERIE-TÍTULO UNIFORME
Título uniforme Obras de don Antonio de Trueba ;
Designación de volumen o secuencia 4
9 (RLIN) 220886
852 ## - LOCALIZACIÓN
Ubicación ES-MaACL
Número de control de estantería B-4137
Holdings
Estatus retirado Estado de pérdida Estado de daño No para préstamo Biblioteca de origen Biblioteca actual Ubicación en estantería Fecha de adquisición Fuente de adquisición Total de préstamos Signatura topográfica completa Código de barras Visto por última vez Precio de reemplazo Tipo de ítem Koha
        Biblioteca del Ateneo de Madrid Biblioteca del Ateneo de Madrid Sala Pardo Bazán 17/01/2008     B-4137 1153183 23/02/2023 23/02/2023 Libro impreso